RICS housing market survey United Kingdom (Record no. 108805)
[ view plain ]
| 000 -LEADER | |
|---|---|
| fixed length control field | 01931cad a22002295a 4500 |
| 001 - CONTROL NUMBER | |
| control field | L145483 |
| 008 - FIXED-LENGTH DATA ELEMENTS--GENERAL INFORMATION | |
| fixed length control field | 081014e20080914xxkd f s 000 0 eng d |
| 035 ## - SYSTEM CONTROL NUMBER | |
| System control number | (Sirsi) u145483 |
| 041 0# - LANGUAGE CODE | |
| Language code of text/sound track or separate title | eng |
| 050 04 - LIBRARY OF CONGRESS CALL NUMBER | |
| Classification number | 333.33 $2 18 |
| 110 2# - MAIN ENTRY--CORPORATE NAME | |
| Corporate name or jurisdiction name as entry element | Royal Institution of Chartered Surveyors |
| 9 (RLIN) | 4900 |
| 245 00 - TITLE STATEMENT | |
| Title | RICS housing market survey United Kingdom |
| Remainder of title | September 2008 |
| Medium | [electronic resource] |
| 260 ## - PUBLICATION, DISTRIBUTION, ETC. | |
| Place of publication, distribution, etc. | London |
| Name of publisher, distributor, etc. | RICS |
| Date of publication, distribution, etc. | 2008 |
| 490 ## - SERIES STATEMENT | |
| Series statement | RICS Housing Market Survey United Kingdom |
| Volume/sequential designation | September 2008 |
| 520 ## - SUMMARY, ETC. | |
| Summary, etc. | Survey reports a decrease in the RICS house price balance. The net balance of Chartered Surveyors reporting a fall than a rise in house prices was lower from -81.8 to -84.2 in September. Difficulties obtaining credit continue to be reflected in the numbers of transactions collapsing. The average number of transactions per surveyor (over the last three months) fell to 11.5 from last month's figure of 12.7, setting a new low for activity since this survey began in 1978. London is at the bottom of the activity league, reporting 8.3 sales by surveyor. New buyer enquiries and newly agreed sales balances are still negative but improved for the fifth consecutive month. Enquiries and sales balances are at their strongest levels since May and December 2007. Inventory of stocks on surveyor's books dropped to 81.5 in September. This is the lowest level since December 2007. Explains that this fall in stock levels is due to sellers choosing to let their property. The new instructions balance showed sharp drops in the regions of East Anglia, South West, Yorkshire and Humberside, and East Midlands. |
| 590 ## - LOCAL NOTE (RLIN) | |
| Local note | KA |
| 650 24 - SUBJECT ADDED ENTRY--TOPICAL TERM | |
| Topical term or geographic name entry element | RICS HOUSING MARKET SURVEY UNITED KINGDOM |
| 651 #4 - SUBJECT ADDED ENTRY--GEOGRAPHIC NAME | |
| Geographic name | United Kingdom |
| Chronological subdivision | |
| 690 ## - LOCAL SUBJECT ADDED ENTRY--TOPICAL TERM (OCLC, RLIN) | |
| Topical term or geographic name as entry element | PROPERTY-RESIDENTIAL PROPERTY-RESIDENTIAL PROPERTY MARKET |
| 856 40 - ELECTRONIC LOCATION AND ACCESS | |
| Uniform Resource Identifier | <a href="https://www.rics.org/site/scripts/download_info.aspx?downloadID=31">https://www.rics.org/site/scripts/download_info.aspx?downloadID=31</a> |
| Public note | View the item free of charge at www.rics.org... |
| 942 ## - ADDED ENTRY ELEMENTS (KOHA) | |
| Suppress in OPAC | 0 |
| Withdrawn status | Lost status | Source of classification or shelving scheme | Damaged status | Not for loan | Home library | Current library | Shelving location | Date acquired | Total Checkouts | Full call number | Barcode | Date last seen | Copy number | Price effective from | Koha item type |
|---|---|---|---|---|---|---|---|---|---|---|---|---|---|---|---|
| Dewey Decimal Classification | Virtual | Virtual | Online | 14/10/2008 | ONLINE PUBLICATION | 145483-2001 | 06/08/2019 | 1 | 06/08/2019 | Book |